000 00280nam a22001337a 4500
008 210426b ||||| |||| 00| 0 eng d
041 _aeng
080 _a82
082 _a82
100 _a21
101 _aGJL
245 _aModern Chivalry
_cBrackenridge,H.H
942 _2udc
_cBK
999 _c56719
_d56719